[Event "Titled Tuesday intern op 24th Oct Late"]
[Site "Chess.com INT"]
[Date "2023.10.24"]
[Round "1"]
[White "Luczak, Filip"]
[Black "Mateos Rozas, Miguel Angel"]
[Result "1-0"]
[WhiteElo "2319"]
[BlackElo "2213"]
[PlyCount "47"]
[EventDate "2023.10.24"]
[EventType "swiss (blitz)"]
[EventRounds "11"]
[EventCountry "USA"]
[SourceTitle "Mega2024 Update 01"]
[Source "Chessbase"]
[SourceDate "2023.11.12"]
[SourceVersion "1"]
[SourceVersionDate "2023.11.12"]
[SourceQuality "1"]

1. d4 d6 2. e4 g6 3. Nc3 Bg7 4. f4 Nf6 5. Nf3 0-0 6. e5 dxe5 7. fxe5 Nd5 8. Bc4 Nxc3 9. bxc3 e6 10. 0-0 b6 11. Bg5 Qd7 12. Qd2 Bb7 13. Bf6 Nc6 14. Qg5 Na5 15. Bd3 Qd5 16. Rae1 Bxf6 17. Qxf6 Qd8 18. Qf4 Kg7 19. h4 h5 20. Ng5 Qe7 21. Qg3 Bd5 22. Rf6 c5 23. Ref1 cxd4 24. Nxf7 1-0

[Event "Titled Tuesday intern op 24th Oct Late"]
[Site "Chess.com INT"]
[Date "2023.10.24"]
[Round "9"]
[White "Schain, Randolph"]
[Black "Mateos Rozas, Miguel Angel"]
[Result "1-0"]
[WhiteElo "2116"]
[BlackElo "2213"]
[PlyCount "79"]
[EventDate "2023.10.24"]
[EventType "swiss (blitz)"]
[EventRounds "11"]
[EventCountry "USA"]
[SourceTitle "Mega2024 Update 01"]
[Source "Chessbase"]
[SourceDate "2023.11.12"]
[SourceVersion "1"]
[SourceVersionDate "2023.11.12"]
[SourceQuality "1"]

1. e4 c5 2. Nf3 Nc6 3. g3 g6 4. Bg2 Bg7 5. 0-0 d6 6. Re1 Nf6 7. d3 0-0 8. c3 e5 9. a4 h6 10. Nbd2 a6 11. Nc4 Be6 12. b3 b6 13. h3 Rb8 14. Kh2 b5 15. axb5 axb5 16. Ne3 d5 17. exd5 Nxd5 18. Nxd5 Bxd5 19. Be3 Qd6 20. Ra6 Ra8 21. Qa1 Rxa6 22. Qxa6 Rb8 23. d4 cxd4 24. cxd4 Rd8 25. dxe5 Nxe5 26. Qxd6 Rxd6 27. Nxe5 Bxg2 28. Kxg2 Bxe5 29. Bxh6 f6 30. Rc1 g5 31. Rc8+ Kf7 32. Bf8 Rd2 33. Bc5 Rb2 34. b4 Rc2 35. Rd8 Ke6 36. h4 Kf5 37. h5 g4 38. Rg8 Bc3 39. h6 Rd2 40. h7 1-0

[Event "Titled Tuesday intern op 19th Sep Late"]
[Site "Chess.com INT"]
[Date "2023.09.19"]
[Round "10"]
[White "Kovalevsky, Stanislav"]
[Black "Mateos Rozas, Miguel Angel"]
[Result "1-0"]
[WhiteElo "2163"]
[BlackElo "2213"]
[PlyCount "61"]
[EventDate "2023.09.19"]
[EventType "swiss (blitz)"]
[EventRounds "11"]
[EventCountry "USA"]
[SourceTitle "EXT 2024"]
[Source "ChessBase"]
[SourceDate "2023.10.10"]
[SourceVersion "1"]
[SourceVersionDate "2023.10.10"]
[SourceQuality "1"]

1. e4 c5 2. c3 d5 3. exd5 Qxd5 4. Nf3 Nc6 5. d4 Bg4 6. Be2 cxd4 7. cxd4 Nf6 8. Nc3 Qa5 9. 0-0 e6 10. Re1 Be7 11. h3 Bh5 12. Ne5 Bxe2 13. Rxe2 0-0 14. Nxc6 bxc6 15. Bf4 Rfd8 16. Be5 Nd7 17. Qc2 Nxe5 18. dxe5 Rab8 19. b3 Rb4 20. Rc1 Rbd4 21. Na4 c5 22. Qc3 Qc7 23. Nb2 h6 24. Nc4 Rd3 25. Qa5 Qb8 26. Re4 R3d4 27. Rxd4 cxd4 28. Qa6 d3 29. Rd1 Bc5 30. Na5 Qxe5 31. Nc6 1-0

[Event "Titled Tuesday intern op 19th Sep Late"]
[Site "Chess.com INT"]
[Date "2023.09.19"]
[Round "5"]
[White "Mesquita, Eduardo Barbosa"]
[Black "Mateos Rozas, Miguel Angel"]
[Result "1-0"]
[WhiteElo "2008"]
[BlackElo "2213"]
[PlyCount "55"]
[EventDate "2023.09.19"]
[EventType "swiss (blitz)"]
[EventRounds "11"]
[EventCountry "USA"]
[SourceTitle "EXT 2024"]
[Source "ChessBase"]
[SourceDate "2023.10.10"]
[SourceVersion "1"]
[SourceVersionDate "2023.10.10"]
[SourceQuality "1"]

1. e4 c5 2. Nf3 Nc6 3. d4 cxd4 4. c3 dxc3 5. Nxc3 e6 6. Bc4 a6 7. 0-0 Nge7 8. Re1 Ng6 9. Be3 Be7 10. Bb3 0-0 11. Qd2 b5 12. a4 b4 13. Ne2 Na5 14. Bc2 Bb7 15. Qd3 Rc8 16. Red1 d6 17. Rac1 b3 18. Bb1 Qd7 19. h4 Qxa4 20. h5 Ne5 21. Nxe5 dxe5 22. Nc3 Qb4 23. Bd2 Qd4 24. Qg3 Bxe4 25. Bxe4 f5 26. Bh6 Rf7 27. Rxd4 exd4 28. Bxf5 1-0

[Event "Titled Tuesday intern op 12th Sep Late"]
[Site "Chess.com INT"]
[Date "2023.09.12"]
[Round "10"]
[White "D'Arruda, Ricardo D"]
[Black "Mateos Rozas, Miguel Angel"]
[Result "1-0"]
[WhiteElo "2271"]
[BlackElo "2213"]
[PlyCount "75"]
[EventDate "2023.09.12"]
[EventType "swiss (blitz)"]
[EventRounds "11"]
[EventCountry "USA"]
[SourceTitle "EXT 2024"]
[Source "ChessBase"]
[SourceDate "2023.10.10"]
[SourceVersion "1"]
[SourceVersionDate "2023.10.10"]
[SourceQuality "1"]

1. d4 Nf6 2. Nf3 d6 3. g3 g6 4. Bg2 Bg7 5. 0-0 0-0 6. Nc3 c5 7. dxc5 dxc5 8. Qxd8 Rxd8 9. Be3 Nbd7 10. Rad1 b6 11. Ne5 Rb8 12. Nc6 Ba6 13. Nxd8 Rxd8 14. Bc6 Bc8 15. Nd5 Nxd5 16. Rxd5 e6 17. Rd2 Kf8 18. Rfd1 Ke7 19. c3 Be5 20. Bf4 Bxf4 21. gxf4 Ke8 22. e4 Ke7 23. h4 f6 24. Kg2 h6 25. Kg3 g5 26. fxg5 hxg5 27. hxg5 fxg5 28. e5 a6 29. a4 a5 30. c4 Ke8 31. Kg4 Ke7 32. Bxd7 Bxd7 33. Rxd7+ Rxd7 34. Rxd7+ Kxd7 35. Kxg5 b5 36. axb5 a4 37. Kf6 a3 38. bxa3 1-0

[Event "Titled Tuesday intern op 12th Sep Late"]
[Site "Chess.com INT"]
[Date "2023.09.12"]
[Round "6"]
[White "Kaplan, Avi Harrison"]
[Black "Mateos Rozas, Miguel Angel"]
[Result "1-0"]
[WhiteElo "2112"]
[BlackElo "2213"]
[PlyCount "39"]
[EventDate "2023.09.12"]
[EventType "swiss (blitz)"]
[EventRounds "11"]
[EventCountry "USA"]
[SourceTitle "EXT 2024"]
[Source "ChessBase"]
[SourceDate "2023.10.10"]
[SourceVersion "1"]
[SourceVersionDate "2023.10.10"]
[SourceQuality "1"]

1. b3 e5 2. Bb2 Nc6 3. c4 Nf6 4. e3 d6 5. d4 Qe7 6. d5 Nd8 7. Nc3 g6 8. e4 Bg7 9. Be2 0-0 10. g4 a5 11. h4 Nd7 12. h5 g5 13. h6 Bh8 14. Qd2 Qf6 15. Rh5 Re8 16. Nb5 Nc5 17. Nxc7 Nxe4 18. Qe3 Qg6 19. Nxa8 f5 20. f3 1-0

[Event "Titled Tuesday intern op 12th Sep Late"]
[Site "Chess.com INT"]
[Date "2023.09.12"]
[Round "2"]
[White "Mateos Rozas, Miguel Angel"]
[Black "Eke, Salih"]
[Result "0-1"]
[WhiteElo "2213"]
[BlackElo "2167"]
[PlyCount "62"]
[EventDate "2023.09.12"]
[EventType "swiss (blitz)"]
[EventRounds "11"]
[EventCountry "USA"]
[SourceTitle "EXT 2024"]
[Source "ChessBase"]
[SourceDate "2023.10.10"]
[SourceVersion "1"]
[SourceVersionDate "2023.10.10"]
[SourceQuality "1"]

1. e4 e5 2. Nf3 Nc6 3. Bb5 Nf6 4. d3 d6 5. c3 Be7 6. Nbd2 0-0 7. Nf1 a6 8. Ba4 b5 9. Bc2 Bb7 10. Ng3 Re8 11. Nf5 Bf8 12. Bg5 h6 13. Bh4 g6 14. Ne3 Bg7 15. Qd2 Qd7 16. h3 g5 17. Bg3 d5 18. exd5 Nxd5 19. 0-0-0 b4 20. c4 Nf4 21. Ng4 Nd4 22. Nxd4 exd4 23. f3 Ne2+ 24. Kb1 Nxg3 25. Qxb4 Nxh1 26. Rxh1 Rab8 27. Qa5 Bc6 28. h4 gxh4 29. Rxh4 Qe7 30. Rh1 Qb4 31. Nxh6+ Bxh6 0-1

[Event "Titled Tuesday intern op 29th Aug Early"]
[Site "Chess.com INT"]
[Date "2023.08.29"]
[Round "4"]
[White "Bazilius, Augustinas"]
[Black "Mateos Rozas, Miguel Angel"]
[Result "1-0"]
[WhiteElo "2052"]
[BlackElo "2213"]
[PlyCount "99"]
[EventDate "2023.08.29"]
[EventType "swiss (blitz)"]
[EventRounds "11"]
[EventCountry "USA"]
[SourceTitle "EXT 2024"]
[Source "ChessBase"]
[SourceDate "2023.10.10"]
[SourceVersion "1"]
[SourceVersionDate "2023.10.10"]
[SourceQuality "1"]

1. d4 Nf6 2. c4 d6 3. Nf3 g6 4. g3 Bg7 5. Bg2 0-0 6. 0-0 Nbd7 7. Nc3 e5 8. e4 Re8 9. h3 exd4 10. Nxd4 Nc5 11. Re1 a5 12. Qc2 b6 13. b3 Bb7 14. Bb2 Qd7 15. Nd5 Nxd5 16. exd5 Rxe1+ 17. Rxe1 Re8 18. Rd1 Bc8 19. a3 Qe7 20. Bf3 Bxh3 21. b4 axb4 22. axb4 Nd7 23. Kh2 Bxd4 24. Bxd4 Bf5 25. Qc3 Ne5 26. Bg2 Qg5 27. Kg1 Qh5 28. Re1 Ra8 29. Bxe5 dxe5 30. Qxe5 Bd3 31. Qxh5 gxh5 32. d6 Rd8 33. dxc7 Rc8 34. Re7 Bxc4 35. Bh3 Kf8 36. Bxc8 Kxe7 37. Bb7 Be6 38. c8Q Bxc8 39. Bxc8 Kd6 40. Kh2 Kc6 41. Kh3 Kb5 42. Kh4 Kxb4 43. Kxh5 Kc5 44. f4 b5 45. Bf5 Kd5 46. Bxh7 Ke6 47. Kg5 f6+ 48. Kg4 b4 49. Kf3 Kf7 50. Bc2 1-0

[Event "Titled Tuesday intern op 29th Aug Early"]
[Site "Chess.com INT"]
[Date "2023.08.29"]
[Round "2"]
[White "Hrbek, Stepan"]
[Black "Mateos Rozas, Miguel Angel"]
[Result "0-1"]
[WhiteElo "2404"]
[BlackElo "2213"]
[PlyCount "126"]
[EventDate "2023.08.29"]
[EventType "swiss (blitz)"]
[EventRounds "11"]
[EventCountry "USA"]
[SourceTitle "EXT 2024"]
[Source "ChessBase"]
[SourceDate "2023.10.10"]
[SourceVersion "1"]
[SourceVersionDate "2023.10.10"]
[SourceQuality "1"]

1. e4 c5 2. Nf3 Nc6 3. Bb5 e6 4. 0-0 Nge7 5. Re1 a6 6. Bf1 d5 7. exd5 Nxd5 8. d4 Be7 9. c4 Nf6 10. dxc5 Qxd1 11. Rxd1 Bxc5 12. Nc3 0-0 13. a3 Ng4 14. Ne4 Be7 15. h3 Nge5 16. Nxe5 Nxe5 17. Bf4 Ng6 18. Be3 e5 19. Nd6 Be6 20. Nxb7 Rfc8 21. c5 Rc6 22. b4 f5 23. f3 f4 24. Bf2 Nh4 25. a4 Nf5 26. b5 axb5 27. axb5 Rxa1 28. Rxa1 Rc7 29. c6 Ne3 30. Ra8+ Kf7 31. Nd8+ Bxd8 32. Rxd8 Nxf1 33. Bb6 Re7 34. Bc5 Re8 35. c7 Ne3 36. b6 Bc8 37. Rxc8 Rxc8 38. Bxe3 fxe3 39. b7 Rxc7 40. b8Q Rc1+ 41. Kh2 e2 42. Qa7+ Kg6 43. Qb6+ Kf5 44. g4+ Kf4 45. Qb4+ Kxf3 46. Qa3+ Kf2 47. Qxc1 e1Q 48. Qc5+ Qe3 49. Qc2+ Kf3 50. Qf5+ Qf4+ 51. Qxf4+ Kxf4 52. Kg1 g5 53. Kf2 e4 54. Ke2 Kg3 55. Ke3 Kxh3 56. Kxe4 Kxg4 57. Ke5 h5 58. Kf6 h4 59. Kg7 h3 60. Kh6 h2 61. Kg7 h1Q 62. Kg6 Qf3 63. Kg7 Kh5 0-1

[Event "Titled Tuesday intern op 22nd Aug Early"]
[Site "Chess.com INT"]
[Date "2023.08.22"]
[Round "5"]
[White "Mateos Rozas, Miguel Angel"]
[Black "Aslanov, Umid Fuad"]
[Result "1-0"]
[WhiteElo "2213"]
[BlackElo "2260"]
[PlyCount "103"]
[EventDate "2023.08.22"]
[EventType "swiss (blitz)"]
[EventRounds "11"]
[EventCountry "USA"]
[SourceTitle "EXT 2024"]
[Source "ChessBase"]
[SourceDate "2023.10.10"]
[SourceVersion "1"]
[SourceVersionDate "2023.10.10"]
[SourceQuality "1"]

1. e4 c5 2. Nf3 d6 3. d4 cxd4 4. Nxd4 Nf6 5. Nc3 a6 6. Bc4 e6 7. Be3 b5 8. Bb3 Be7 9. f3 0-0 10. Qd2 Qc7 11. 0-0-0 Nbd7 12. Bxe6 fxe6 13. Nxe6 Qa5 14. Nxf8 Bxf8 15. Kb1 Ne5 16. Bd4 Nc4 17. Qc1 Ne8 18. Nd5 Be6 19. Bc3 Qd8 20. b3 Bxd5 21. Rxd5 Nb6 22. Rd3 Rc8 23. Ba5 Qc7 24. Rc3 Qb7 25. Rxc8 Nxc8 26. Qd2 Ne7 27. Rd1 h6 28. h4 Kh8 29. Bc3 Nc6 30. Qxh6+ Kg8 31. Qe6+ Qf7 32. Qc8 Nc7 33. Rxd6 Na7 34. Qb8 Qe7 35. Rd8 Ne6 36. Re8 Qc5 37. Qe5 Qxe5 38. Bxe5 Kf7 39. Ra8 Nc6 40. Bc3 Nc7 41. Rc8 Bd6 42. e5 Nxe5 43. Rd8 Ke7 44. Bxe5 Bxe5 45. Rh8 Nd5 46. Rh5 Ke6 47. Rg5 Nc3+ 48. Kc1 Bf4+ 49. Kb2 Bxg5 50. hxg5 Nd1+ 51. Ka3 Ne3 52. Kb4 1-0

[Event "Titled Tuesday intern op 22nd Aug Early"]
[Site "Chess.com INT"]
[Date "2023.08.22"]
[Round "10"]
[White "Mateos Rozas, Miguel Angel"]
[Black "Bazilius, Augustinas"]
[Result "1-0"]
[WhiteElo "2213"]
[BlackElo "2052"]
[PlyCount "57"]
[EventDate "2023.08.22"]
[EventType "swiss (blitz)"]
[EventRounds "11"]
[EventCountry "USA"]
[SourceTitle "EXT 2024"]
[Source "ChessBase"]
[SourceDate "2023.10.10"]
[SourceVersion "1"]
[SourceVersionDate "2023.10.10"]
[SourceQuality "1"]

1. e4 c5 2. Nf3 a6 3. g3 b5 4. Bg2 Bb7 5. Qe2 d6 6. 0-0 Nf6 7. d3 e6 8. c3 Be7 9. Nbd2 d5 10. e5 Nfd7 11. d4 Nc6 12. Re1 Qb6 13. dxc5 Bxc5 14. Nb3 Be7 15. Bf4 0-0 16. h4 a5 17. Rad1 b4 18. c4 Ba6 19. Nbd2 Qc7 20. b3 Nb6 21. Rc1 dxc4 22. bxc4 Rad8 23. Qe3 a4 24. Ng5 h6 25. Nge4 Nd4 26. Nd6 Nf5 27. Nxf5 exf5 28. e6 Bf6 29. Bxc7 1-0

[Event "Titled Tuesday intern op 22nd Aug Early"]
[Site "Chess.com INT"]
[Date "2023.08.22"]
[Round "4"]
[White "Mateos Rozas, Miguel Angel"]
[Black "Hajiyev, Kanan"]
[Result "1-0"]
[WhiteElo "2213"]
[BlackElo "2109"]
[PlyCount "61"]
[EventDate "2023.08.22"]
[EventType "swiss (blitz)"]
[EventRounds "11"]
[EventCountry "USA"]
[SourceTitle "EXT 2024"]
[Source "ChessBase"]
[SourceDate "2023.10.10"]
[SourceVersion "1"]
[SourceVersionDate "2023.10.10"]
[SourceQuality "1"]

1. e4 c6 2. d4 d5 3. Nc3 a6 4. Nge2 Bg4 5. f3 Bh5 6. Ng3 Bg6 7. Be2 e6 8. 0-0 Nf6 9. Kh1 Bb4 10. e5 Nfd7 11. f4 f5 12. exf6 Nxf6 13. Bg4 Nxg4 14. Qxg4 Qf6 15. f5 h5 16. Qxg6+ Qxg6 17. fxg6 h4 18. Nge2 Nd7 19. Bg5 h3 20. g3 e5 21. dxe5 Nxe5 22. Nd4 Nxg6 23. Rae1+ Kd7 24. Rf7+ Kd6 25. Rxg7 Rhg8 26. Nf5+ Kc5 27. Be3+ Kc4 28. a3 Rxg7 29. axb4 Rd7 30. Bc5 Rad8 31. Ne3# 1-0

[Event "Titled Tuesday intern op 08th Aug Early"]
[Site "Chess.com INT"]
[Date "2023.08.08"]
[Round "7"]
[White "Gazineu Neto, Rubens"]
[Black "Mateos Rozas, Miguel Angel"]
[Result "1/2-1/2"]
[WhiteElo "1912"]
[BlackElo "2213"]
[PlyCount "116"]
[EventDate "2023.08.08"]
[EventType "swiss (blitz)"]
[EventRounds "11"]
[EventCountry "USA"]
[SourceTitle "EXT 2024"]
[Source "ChessBase"]
[SourceDate "2023.10.10"]
[SourceVersion "1"]
[SourceVersionDate "2023.10.10"]
[SourceQuality "1"]

1. e4 c5 2. Nf3 Nc6 3. d4 cxd4 4. Nxd4 g6 5. Nc3 Bg7 6. Be3 Nf6 7. Bc4 0-0 8. Bb3 d6 9. f3 Bd7 10. Qd2 a5 11. a4 Rc8 12. 0-0-0 Ne5 13. g4 Nc4 14. Bxc4 Rxc4 15. b3 Rc8 16. h4 h5 17. gxh5 Nxh5 18. Nd5 Bc6 19. Ne2 Bxd5 20. Qxd5 Qc7 21. c4 Qc6 22. Bd4 Qxd5 23. exd5 Rfe8 24. Bxg7 Nxg7 25. Nd4 Rc5 26. Rde1 Kf8 27. Kd2 e5 28. dxe6 fxe6 29. Rhg1 Kf7 30. Rg5 Nf5 31. Nxf5 Rxf5 32. Ke3 Rh8 33. Rxf5+ gxf5 34. Rh1 Kg6 35. f4 Kf6 36. h5 e5 37. Kf3 Rh6 38. Ke3 Ke6 39. Kf3 Kd7 40. fxe5 dxe5 41. Rd1+ Ke6 42. Rd5 Rxh5 43. Rxa5 Rh3+ 44. Ke2 Rxb3 45. Rc5 f4 46. Rc8 e4 47. Re8+ Kd6 48. Rxe4 f3+ 49. Kf2 Kc5 50. Rf4 b6 51. Kf1 Kb4 52. Kf2 Kxa4 53. c5+ Kb5 54. cxb6 Kxb6 55. Rxf3 Rb2+ 56. Kg3 Rb4 57. Rf4 Kc5 58. Rxb4 Kxb4 1/2-1/2

[Event "Titled Tuesday intern op 01st Aug Late"]
[Site "Chess.com INT"]
[Date "2023.08.01"]
[Round "9"]
[White "Feliz Dotel, Dewar Bienvenido"]
[Black "Mateos Rozas, Miguel Angel"]
[Result "1-0"]
[WhiteElo "1984"]
[BlackElo "2213"]
[PlyCount "59"]
[EventDate "2023.08.01"]
[EventType "swiss (blitz)"]
[EventRounds "11"]
[EventCountry "USA"]
[SourceTitle "EXT 2024"]
[Source "ChessBase"]
[SourceDate "2023.10.10"]
[SourceVersion "1"]
[SourceVersionDate "2023.10.10"]
[SourceQuality "1"]

1. d4 Nf6 2. e3 d6 3. Nf3 g6 4. Be2 Bg7 5. b4 0-0 6. Bb2 a5 7. b5 Nbd7 8. 0-0 c6 9. a4 Qc7 10. c4 e5 11. Nbd2 Re8 12. Qc2 cxb5 13. axb5 b6 14. Rfc1 Bb7 15. Ra3 Rac8 16. Qa4 Qb8 17. Rac3 e4 18. Ng5 h6 19. Nh3 g5 20. Qa1 Rc7 21. Nb3 Qd8 22. R3c2 Qe7 23. c5 dxc5 24. dxc5 Bd5 25. Nd4 Qf8 26. cxb6 Rxc2 27. Rxc2 Nc5 28. Nf5 Nb3 29. Qd1 Be6 30. Nxg7 1-0

[Event "Titled Tuesday intern op 01st Aug Late"]
[Site "Chess.com INT"]
[Date "2023.08.01"]
[Round "3"]
[White "Mateos Rozas, Miguel Angel"]
[Black "Shymanskyi, Oleksandr"]
[Result "1-0"]
[WhiteElo "2213"]
[BlackElo "2284"]
[PlyCount "41"]
[EventDate "2023.08.01"]
[EventType "swiss (blitz)"]
[EventRounds "11"]
[EventCountry "USA"]
[SourceTitle "EXT 2024"]
[Source "ChessBase"]
[SourceDate "2023.10.10"]
[SourceVersion "1"]
[SourceVersionDate "2023.10.10"]
[SourceQuality "1"]

1. e4 e5 2. Nf3 Nc6 3. Bb5 d6 4. c3 Bg4 5. h3 Bh5 6. d3 Nf6 7. Nbd2 a6 8. Ba4 b5 9. Bc2 Be7 10. Nf1 0-0 11. Ng3 Bg6 12. Be3 d5 13. Qe2 d4 14. Bd2 b4 15. 0-0 bxc3 16. bxc3 Bc5 17. Ba4 Qd6 18. Bxc6 Qxc6 19. Nxe5 Qd6 20. Nxg6 hxg6 21. e5 1-0

[Event "Titled Tuesday intern op 25th Jul Late"]
[Site "Chess.com INT"]
[Date "2023.07.25"]
[Round "11"]
[White "Martine, Jean Christophe"]
[Black "Mateos Rozas, Miguel Angel"]
[Result "0-1"]
[WhiteElo "2008"]
[BlackElo "2203"]
[PlyCount "76"]
[EventDate "2023.07.25"]
[EventType "swiss (blitz)"]
[EventRounds "11"]
[EventCountry "USA"]
[SourceTitle "EXT 2024"]
[Source "ChessBase"]
[SourceDate "2023.10.10"]
[SourceVersion "1"]
[SourceVersionDate "2023.10.10"]
[SourceQuality "1"]

1. d4 d5 2. Nf3 e6 3. Nbd2 Nf6 4. e3 g6 5. Bd3 Bg7 6. 0-0 0-0 7. Qe2 c5 8. c3 c4 9. Bc2 b5 10. e4 Nc6 11. e5 Nd7 12. a3 a5 13. Re1 Bb7 14. Nf1 b4 15. axb4 axb4 16. Rxa8 Qxa8 17. Ng3 Qa2 18. Bg5 h6 19. Be3 Qxb2 20. Rb1 Qxc3 21. Ba4 Ra8 22. Bd2 Nxd4 23. Nxd4 Qxd4 24. Be3 Qxe5 25. Bxd7 b3 26. f4 Qd6 27. Bb5 Qb4 28. Bd7 Rd8 29. f5 Rxd7 30. fxg6 fxg6 31. Qg4 Qe7 32. Qxg6 Qf7 33. Qg4 Kh7 34. Rf1 Qg6 35. Qd1 b2 36. Bd4 e5 37. Bxb2 d4 38. Nf5 Qxg2# 0-1

[Event "Titled Tuesday intern op 25th Jul Late"]
[Site "Chess.com INT"]
[Date "2023.07.25"]
[Round "3"]
[White "Mateos Rozas, Miguel Angel"]
[Black "Donchenko, Alexander"]
[Result "0-1"]
[WhiteElo "2203"]
[BlackElo "2668"]
[PlyCount "70"]
[EventDate "2023.07.25"]
[EventType "swiss (blitz)"]
[EventRounds "11"]
[EventCountry "USA"]
[SourceTitle "EXT 2024"]
[Source "ChessBase"]
[SourceDate "2023.10.10"]
[SourceVersion "1"]
[SourceVersionDate "2023.10.10"]
[SourceQuality "1"]

1. e4 c6 2. d4 d5 3. Nc3 dxe4 4. Nxe4 Nf6 5. Nxf6+ exf6 6. c3 Bd6 7. Bd3 0-0 8. Ne2 Re8 9. 0-0 Nd7 10. Ng3 Nf8 11. f4 c5 12. d5 Bd7 13. c4 b5 14. b3 Ng6 15. Nh5 bxc4 16. bxc4 Rb8 17. Bd2 Qc8 18. Qc2 Bg4 19. Ng3 Qc7 20. h3 Bd7 21. Nh5 a5 22. Rf3 a4 23. Raf1 a3 24. Bc3 Kh8 25. Ba1 Bf8 26. Qc3 Qb6 27. Ng3 Nh4 28. R3f2 Qb4 29. Ne4 Nf5 30. Qc2 Ne3 31. Qc1 Nxf1 32. Qxf1 Bf5 33. Rf3 Bxe4 34. Bxe4 Rxe4 35. Rg3 Re1 0-1

[Event "Titled Tuesday intern op 25th Jul Late"]
[Site "Chess.com INT"]
[Date "2023.07.25"]
[Round "9"]
[White "Mateos Rozas, Miguel Angel"]
[Black "Rian, Kapriaga"]
[Result "1-0"]
[WhiteElo "2203"]
[BlackElo "2089"]
[PlyCount "107"]
[EventDate "2023.07.25"]
[EventType "swiss (blitz)"]
[EventRounds "11"]
[EventCountry "USA"]
[SourceTitle "EXT 2024"]
[Source "ChessBase"]
[SourceDate "2023.10.10"]
[SourceVersion "1"]
[SourceVersionDate "2023.10.10"]
[SourceQuality "1"]

1. e4 c6 2. d4 d5 3. Nc3 dxe4 4. Nxe4 Nf6 5. Nxf6+ exf6 6. c3 Bd6 7. Bd3 0-0 8. Ne2 Re8 9. 0-0 Be6 10. Nf4 Qc7 11. Nxe6 fxe6 12. h3 Nd7 13. Bc4 Nf8 14. Re1 b5 15. Bb3 Kh8 16. Qf3 a5 17. a4 b4 18. c4 c5 19. Be3 cxd4 20. Bxd4 e5 21. Be3 Bc5 22. Rac1 Rad8 23. Red1 Bxe3 24. Qxe3 Ne6 25. Rxd8 Rxd8 26. c5 Nd4 27. Ba2 h6 28. Bb1 f5 29. Qd3 e4 30. Qc4 Qe5 31. c6 f4 32. c7 Rc8 33. Qa6 Rxc7 34. Qa8+ Kh7 35. Rxc7 Qxc7 36. Qxe4+ Kg8 37. Bd3 Qd7 38. Qh7+ Kf8 39. Qe4 Kf7 40. Kh2 Kf6 41. Qxf4+ Ke7 42. Qe4+ Ne6 43. g3 Qd6 44. Kg2 Kf8 45. Bc4 Nd8 46. Qf5+ Ke7 47. Qe4+ Kf8 48. Qf3+ Ke7 49. b3 Kd7 50. Qg4+ Ke7 51. Qxg7+ Ke8 52. Qh8+ Kd7 53. Qxh6 Qxh6 54. Bb5+ 1-0

[Event "Titled Tuesday intern op 25th Jul Late"]
[Site "Chess.com INT"]
[Date "2023.07.25"]
[Round "2"]
[White "Sabuk, Piotr"]
[Black "Mateos Rozas, Miguel Angel"]
[Result "0-1"]
[WhiteElo "2380"]
[BlackElo "2203"]
[PlyCount "84"]
[EventDate "2023.07.25"]
[EventType "swiss (blitz)"]
[EventRounds "11"]
[EventCountry "USA"]
[SourceTitle "EXT 2024"]
[Source "ChessBase"]
[SourceDate "2023.10.10"]
[SourceVersion "1"]
[SourceVersionDate "2023.10.10"]
[SourceQuality "1"]

1. d4 d5 2. Nf3 Nf6 3. c4 e6 4. g3 Nbd7 5. Bg2 g6 6. 0-0 Bg7 7. b3 0-0 8. Bb2 b6 9. cxd5 exd5 10. Nc3 Bb7 11. Rc1 a6 12. Ne5 Re8 13. f4 Ne4 14. Nxe4 dxe4 15. Qc2 c5 16. Nxd7 Qxd7 17. dxc5 Bxb2 18. Qxb2 bxc5 19. Rfd1 Qc6 20. Rc4 Qb6 21. Rdc1 Rac8 22. Qc3 Red8 23. Bf1 a5 24. e3 Rd5 25. Rxe4 Qd6 26. Re5 Rd1 27. Rxc5 Rxc5 28. Qxc5 Qd2 29. Rxd1 Qxd1 30. Qd4 Qf3 31. Qd8+ Kg7 32. Qd4+ Kg8 33. Qd2 Qh1+ 34. Kf2 Qxh2+ 35. Ke1 Qxg3+ 36. Qf2 Qg4 37. Be2 Qd7 38. Bc4 Qe7 39. Qd2 Qb4 40. Qxb4 axb4 41. Kf2 Kg7 42. Kg3 f5 0-1